000 01582nam a2200385 a 4500
001 ebr10381296
003 CaPaEBR
006 m u
007 cr cn|||||||||
008 100618r19991979dcu sb 001 0 eng d
010 _z 77008466
020 _z9780813200682
020 _z0813209714
020 _z9780813211688 (e-book)
040 _aCaPaEBR
_cCaPaEBR
035 _a(OCoLC)647916491
041 1 _aeng
_hgrc
050 1 4 _aBM585
_b.J64 1999eb
100 0 _aJohn Chrysostom,
_cSaint,
_dd. 407.
245 1 0 _aDiscourses against judaizing Christians
_h[electronic resource] /
_ctranslated by Paul W. Harkins.
260 _aWashington, D.C. :
_bCatholic University of America Press,
_c1999, c1979.
300 _alxii, 286 p.
490 1 _aThe fathers of the church : a new translation ;
_vv. 68
500 _aFirst short-run reprint.
504 _aIncludes bibliographical references (p. xiii-xv) and indexes.
533 _aElectronic reproduction.
_bPalo Alto, Calif. :
_cebrary,
_d2013.
_nAvailable via World Wide Web.
_nAccess may be limited to ebrary affiliated libraries.
650 0 _aJudaism
_vControversial literature
_vEarly works to 1800.
650 0 _aSermons, Greek
_vEarly works to 1800.
650 0 _aSermons, Early Christian.
655 7 _aElectronic books.
_2local
700 1 _aHarkins, Paul W.
_q(Paul William),
_d1911-1992.
710 2 _aebrary, Inc.
830 0 _aFathers of the church ;
_vv. 68.
856 4 0 _uhttp://site.ebrary.com/lib/rucke/Doc?id=10381296
_zAn electronic book accessible through the World Wide Web; click to view
999 _c102426
_d102426